| 000 | 00410nam a2200157Ia 4500 | ||
|---|---|---|---|
| 008 | 230711s9999||||xx |||||||||||||| ||und|| | ||
| 041 | _aENG | ||
| 082 |
_a621.3 _bGI-E |
||
| 100 | _aGirgrich ,HW | ||
| 245 | 0 | _aElectrical machinery transformed control | |
| 250 | _a1st | ||
| 260 |
_c1979 _aNew Delhi _bPrentice-Hall of India Private Limited |
||
| 300 | _a352 | ||
| 650 | _aElectrical Engineering | ||
| 942 | _cBK | ||
| 999 |
_c2856 _d2856 |
||